| 000 | 00730 a2200217 4500 | ||
|---|---|---|---|
| 999 |
_c7787 _d7787 |
||
| 010 | _aENG-88183 | ||
| 020 |
_a9780761936022 _c650.00 |
||
| 035 | _aEN-71716 | ||
| 037 | _bDBAD / PUB | ||
| 082 | 0 | 0 | _a384.540954 |
| 100 | 1 | _aPavarala, Vinod | |
| 245 | 1 | 0 |
_aOther voices: _bthe struggle for community radio in India / _cby Vinod Pavarala [and] Kanchan K. Malik |
| 260 |
_aNew Delhi _bSage Publications _c2007 |
||
| 300 |
_a318p. _c22cm(Hb ) |
||
| 650 | 0 |
_aCommunity radio _zIndia |
|
| 650 | 0 |
_aBroadcasting policy _zIndia |
|
| 650 | 0 |
_aCommunication _xPolitical aspects _zIndia |
|
| 650 | 0 |
_aCommunication _xSocial aspects _zIndia |
|
| 700 | 1 |
_aMalik, Kanchan K., _d1968- |
|
| 942 |
_adpl _cEN _2ddc _h384.540954 _mPAV |
||